000 00552nam a2200217Ia 4500
003 OSt
005 20220928141151.0
006 a|||||r|||| 00| 0
007 ta
008 220927b |||||||| |||| 00| 0 eng d
024 _a14033
037 _cTextual
040 _aSDCL
_cSDCL
_beng
041 _2eng
_aeng
082 _aO-,L5:g, K4.2
100 _aSainte-Beuve C A
_9499365
245 0 _aPortraits of the eighteenth century.
260 _c1964
942 _hO-,L5:g, K4.2
_cTEXL
_2CC
999 _c816442
_d816442